000 00354nam a2200145Ia 4500
008 191201s2007 xx 000 0 und d
082 _a658.4012
_bDAS
100 _aDAVID, Fred R
245 0 _aStrategic Management Concept and Case
250 _a10th
260 _aN.Delhi
_bPearson Education
_c2007
300 _a824
650 _aMBA
942 _2ddc
_cBK
999 _c2996
_d2996